Àwon òwe àti àkànlò èdè Yorùbá
Guardat en:
| Autor principal: | |
|---|---|
| Format: | Llibre |
| Idioma: | anglès |
| Publicat: |
Mega-Esperance Publishers
1999
|
| Etiquetes: |
Afegir etiqueta
Sense etiquetes, Sigues el primer a etiquetar aquest registre!
|
MARC
| LEADER | 00000nam a22000007a 4500 | ||
|---|---|---|---|
| 008 | 211026b ||||| |||| 00| 0 eng d | ||
| 020 | |a 978-028-667-5 | ||
| 100 | |a ÀLÀDÉÒJÈBI, Gbadé. | ||
| 245 | |a Àwon òwe àti àkànlò èdè Yorùbá |c Gbadé Àlàdéòjèbi |g xvi, 174p.; ill. | ||
| 260 | |b Mega-Esperance Publishers |c 1999 |h Lagos |i 691452 |i 691451 - Arts, |l PL8821 .Al1 |m Yoruba language -Text |m Title | ||
| 942 | |a ddc |c BK |e j. o. ifatola |f 26/ 10/ 2021 | ||
| 952 | |0 0 |1 0 |2 lcc |4 0 |6 PL8821 A L1 |7 0 |9 3687 |a HOL |b HOL |c LP |d 2021-10-26 |l 0 |o PL8821 .Al1 |p 2021-67422 |r 2021-10-26 00:00:00 |w 2021-10-26 |y BK | ||
| 952 | |0 0 |1 0 |2 ddc |4 0 |6 PL_8821_000000000000000__AL1 |7 0 |9 3688 |a HOL |b ART |d 2021-10-26 |l 0 |o PL8821 .Al1 |p 2021-67423 |r 2021-10-26 00:00:00 |w 2021-10-26 |y BK | ||
| 999 | |c 1834 |d 1834 | ||